01415nas a2200301 4500001001000000003000900010005001700019007000300036008003400039040005400073041000900127072000800136100001800144100001900162245023900181246025700420650002000677650001000697650002300707650001300730650002200743650001300765773011000778909004000888942001800928999001900946952014800965BR8102528BR-BrBNA20231205084707.0ta230509b bl.|||p| |||| 00| 00por d aBR-BrBNAbporcBiblioteca Nacional de Agricultura a(Pt) aH101 aRibeiro, G.T.1 aWoessner, R.A.1 aEfeito de diferentes niveis de desfolha artificial, para avaliacao de danos causados por sauvas (Atta spp.), em arvores de Gmelina arborea linne e de Pinus caribaea var. hondurensis Barr. e Golf. [Pinheiro; Arvore angiosperma; Brasil]1 aAn evaluation of different levels of artificial defoliation done to trees of Gmelina arborea Linne and Pinus caribaea var. hondurensis Barr. and Golf. in order to simulate damage done by leaf cutting ants (Atta spp.)[Pine tree; Angiosperm tree; Brazil] aPraga de planta aSauva aArvore angiosperma aPinheiro aControle mecanico aDesfolha0 tAnais da Sociedade Entomologica do Brasil (Brazil)xISSN 0301-8059g(1980), v. 9(2) p. 261-272wBR8102528 a202311bLúciac55dLúcia Elande 2AGRISn0cANA c106707d106707 002AGRIS4071a41918b41918cPeriódicos Agrícolash(1980), v. 9(2) p. 261-272l0r2023-11-29t01yCRePortaria Interministerial nº 164/94